zpět

Detail výsledku týmu

Tribuna, Přerov

Datum a čas kvízu

30 Celkem bodů Celkový počet nahraných bodů na tomto kvízu bez doplňovacích otázek.
7. Pořadí na kvízu Konečné umístění týmu na tomto kvízu.

Zaznamenané odpovědi

# Otázka Odpověď Body Výsledky
1. Místopředsedou které důležité... Ústavního soudu 0
2. Který člen britské královské r... princ Louis 0
3. V pondělí se v Metropolitním m... Met Gala 1
4. Která v Česku podnikající spol... Škoda Auto 0
5. Ester Ledecké zřejmě dvě sport... biatlon 0
6. Květnové kalendárium začneme o... Komárno 1
7. Dne 11. května 1960 byl izrael... v Argentině 1
8. Jak se jmenuje tato žena, jež... Cate Blanchett 0
9. Ve kterém sudém roce došlo dne... 2006 0
10. Dne 29. května 1886 byla v den... Coca-Colu 1